• 首页
  • 本馆介绍
  • 公告通知
  • 最新文献
  • 馆藏检索
  • 电子资源
  • 读者导购
  • 参考咨询
  • 我的图书馆
  • 登录
  • 详细信息显示
  • 放入我的书架
  • 预约/预借图书
  • 作者相关作品
  • 分类相关作品
  • 丛书相关作品
  • 出版社相关作品

书目信息

  • 表格格式
  • 工作单格式
  • 卡片格式
题名:
外国诗歌名篇选读
    
 
作者: 周红兴 , 章安琪 主编 ;俞长江 , 吕晴飞 , 游友基 编著
分册:  
出版信息: 北京   作家出版社  1986
页数: 493页
开本: 19cm
丛书名: 外国文学名篇选读丛书
单 册:
中图分类: I12
科图分类:
主题词: 诗歌--作品集--世界
电子资源:
ISBN:
000 00874nam2 2200301 45
001 0186016616
005 20050328171827.5
010    @dCNY4.00@b精装
091    @a10248.0155
100    @a19930616d1986 em y0chiy0121 ea
101 1  @achi@cmul
102    @aCN@b110000
105    @ay z 000gy
200 10 @a外国诗歌名篇选读@Awai guo shi ge ming pian xuan du@f周红兴,章安琪主编@FZhou Hong Xing,Zhang An Qi Zhu Bian@g俞长江等编著
210    @a北京@c作家出版社@d1986
215    @a493页@d19cm
225 2  @a外国文学名篇选读丛书@v3
410  0 @120010@a外国文学名篇选读丛书
606 0  @a诗歌@x作品集@x世界
690    @aI12@v3
701  0 @a周红兴@4主编
701  0 @a章安琪@4主编
702  0 @a俞长江@4编著
702  0 @a吕晴飞@4编著
702  0 @a游友基@4编著
801  0 @aCN@b深圳图书馆@c20040418
801  2 @aCN@bNLC@c20040418
905    @dI12@e153@f1@b201783
    
    外国诗歌名篇选读/周红兴,章安琪主编/俞长江等编著.-北京:作家出版社,1986
    493页;19cm.-(外国文学名篇选读丛书;3)
    
    
    ISBN (精装):CNY4.00
    
●
相关链接 在E读中查询图书 在五车中查询图书 在当当中查询图书 在豆瓣中查询图书


正题名:外国诗歌名篇选读     索取号:I12/153         预约/预借

序号 登录号 条形码 馆藏地/架位号 状态 备注
1 0201783   002009463   第二借阅区/ [索取号:I12/153] 在馆    
2 0201784   000086917   第二借阅区/ [索取号:I12/153] 在馆    
3 0201785   000086962   第二借阅区/ [索取号:I12/153] 在馆    
4 0201786   000086908   第二借阅区/ [索取号:I12/153] 在馆    
5 0201787   202439192   第一样本阅览室/ [索取号:I12/153] 在馆    
唐山师范学院图书馆 欢迎您!
大连网信软件有限公司© 版权所有